Series of Unfortunate Events trivia - Statistics

General Stats
  • This quiz has been taken 121 times
  • The average score is 10 of 15
Answer Stats
Hint Answer % Correct
Eldest Baudelaire Violet
100%
Middle Baudelaire Klaus
99%
______ Olaf Count
98%
Youngest Baudelaire Sunny
98%
Which Baudelaire is a good cook Sunny
93%
What does Violet tie her hair up with? Ribbon
92%
Author Lemony Snicket
77%
Whats the last book called The End
75%
Secret Organization VFD
74%
The ____________ Peril (book) Penultimate
63%
Who plays Count Olaf in the film Jim Carrey
43%
Who Does Klaus Fall in love with in the Grim Grotto Fiona
41%
What does Count Olaf want to steal from the Baudelaires Their Fortune
30%
Who illustrates the books Brett Helquist
22%
Who plays Montgomery Montgomery in the film Billy Connelly
6%
No matching quizzes found
Score Distribution
Percent of People with Each Score
Percentile by Number Answered
Your Score History
You have not taken this quiz